Squid Game characters quiz - Statistics

General Stats
  • This quiz has been taken 761 times
    741 since last reset
  • The average score is 7 of 9
Answer Stats
Hint Character % Correct
Main character Seong Gi-hun
96%
Pakistani that moved to South Korea Abdul Ali
92%
The above's previous friend Cho Sang-woo
79%
Player 001 Oh Il-nam
78%
Female North Korean Kang Sae-byeok
72%
Brother of the above Hwang In-ho/ Front Man
68%
A Seoul gangster Jang Deok-su
63%
Police officer that sneaks into the game Hwang Jun-ho
61%
Asked to leave because her child hadn't been named yet Han Mi-nyeo
42%
No matching quizzes found
Score Distribution
Percent of People with Each Score
Percentile by Number Answered
Your Score History
You have not taken this quiz since the last reset